[Event "SLO-chT2 West"]
[Site "Slovenia"]
[Date "2010.11.07"]
[Round "4"]
[White "Borisek, Anze"]
[Black "Pisljar, Dimitrij"]
[Result "1-0"]
[WhiteElo "2006"]
[BlackElo "1662"]
[PlyCount "99"]
[EventDate "2010.11.05"]
[EventType "team-tourn"]
[EventRounds "9"]
[EventCountry "SLO"]
[SourceTitle "EXT 2022"]
[Source "ChessBase"]
[SourceDate "2021.10.06"]
[SourceVersion "1"]
[SourceVersionDate "2021.10.06"]
[SourceQuality "1"]

1. d4 d5 2. Bg5 b6 3. e3 Nd7 4. Nd2 Bb7 5. Ngf3 Ngf6 6. Bd3 e6 7. Ne5 c6 8. 0-0 Be7 9. f4 h6 10. Bxf6 gxf6 11. Nxd7 Kxd7 12. c4 dxc4 13. Be4 b5 14. a4 Qb6 15. a5 Qc7 16. a6 Bc8 17. b3 c3 18. Nf3 Rb8 19. Qc2 b4 20. Bd3 Bd6 21. Bc4 Ke7 22. g3 Bd7 23. Ne1 Rhg8 24. Kh1 h5 25. Ng2 Rg7 26. e4 e5 27. fxe5 fxe5 28. Qf2 Be8 29. Qf6+ Kf8 30. Nh4 Kg8 31. Nf5 Bf8 32. dxe5 Qd8 33. Nxg7 Qxf6 34. exf6 Bd6 35. e5 Bc7 36. e6 fxe6 37. Bxe6+ Bf7 38. Bxf7+ Kxf7 39. Nxh5 Rb5 40. g4 c5 41. Rae1 Bd6 42. Rd1 Rb6 43. Rg1 c4 44. Rb1 Rxa6 45. bxc4 Ra2 46. Ng3 a5 47. Rgf1 a4 48. Ne4 Bf8 49. c5 b3 50. Nxc3 1-0

[Event "SLO-chT2 West"]
[Site "Postojna"]
[Date "2009.11.07"]
[Round "8.6"]
[White "Starc, Enej"]
[Black "Pisljar, Dimitrij"]
[Result "0-1"]
[WhiteElo "1790"]
[BlackElo "1593"]
[PlyCount "42"]
[EventDate "2009.10.23"]
[EventType "team-tourn"]
[EventRounds "9"]
[EventCountry "SLO"]
[SourceTitle "EXT 2010"]
[Source "ChessBase"]
[SourceDate "2010.11.25"]
[SourceVersion "1"]
[SourceVersionDate "2010.11.25"]
[SourceQuality "1"]
[WhiteTeam "Sezana"]
[BlackTeam "Postojna"]
[WhiteTeamCountry "SLO"]
[BlackTeamCountry "SLO"]

1. e4 e5 2. Nf3 Nc6 3. Bb5 Bc5 4. 0-0 Qf6 5. c3 Nge7 6. d4 exd4 7. Bg5 Qg6 8. Bxe7 Bxe7 9. cxd4 0-0 10. e5 d6 11. Kh1 Nd8 12. Be2 Ne6 13. Bd3 Qh6 14. Nc3 Nf4 15. Be4 Bg4 16. g3 Nh3 17. Qc1 Qh5 18. Qe3 f5 19. exf6 Rxf6 20. Ng1 Rh6 21. Kg2 Nf4+ 0-1